| 000 | 01679nam a2200361 4500 | ||
|---|---|---|---|
| 001 | 345 | ||
| 003 | OSt | ||
| 005 | 20250528074018.0 | ||
| 008 | 250331b |||||||e |||| 00| 1 eng d | ||
| 040 | _bpor | ||
| 041 |
_heng _apor |
||
| 082 |
_a813 _bJ27l |
||
| 100 | 1 |
_aJames, Henry, _d1843-1916 _9718 |
|
| 240 | _aLady Barberina - The turn of the Screw | ||
| 245 |
_aLady Barberina - Outra volta do Parafuso / _cJames, Henry ; Tradução de Leônidas Gontijo de Carvalho e Brenno Silveira |
||
| 260 |
_aSão Paulo _bAbril _c1972 |
||
| 300 | _a289 p. | ||
| 490 | 1 |
_aOs imortais da Literatura Universal _vvol. 39 |
|
| 520 | _aLady Barberina - retrato de um grande amor norteado pelos valores sociais, revela as complexas esperiências de vida do autor e traça um paralelo entre a cultura dos Estados Unidos e a da Inglaterra no século XIX. | ||
| 520 | _aOutra volta do parafuso - novela de terror que narra estranhos episódios ocorridos em uma casa de campo inglesa, onde duas crianças vivem com sua governanta e uma empregada. Numa estrutura narrativa brilhante, Henry James deixa a critério do leitor decidir se está diante de uma verdadeira história de fantasmas ou do fruto da alucinação da governanta. | ||
| 650 | 0 |
_aLiteratura Americana _984 |
|
| 650 | 0 |
_aTerror _9141 |
|
| 650 | 0 |
_aSobrenatural _9538 |
|
| 650 | 0 |
_aClássicos _977 |
|
| 650 | 0 |
_aAmor e Paixão _925 |
|
| 650 | 0 |
_aPsicológico _985 |
|
| 655 | 0 |
_aRomance _923 |
|
| 655 | 0 |
_aFicção _922 |
|
| 700 |
_aLeônidas Gontijo de Carvalho _eTradução _9719 |
||
| 700 |
_aBrenno SIlveira _d1911- _eTRADUTOR _9647 |
||
| 830 |
_aOs Imortais da Literatura Universal _9461 _vvol. 39 |
||
| 942 |
_2ddc _n0 _cBK |
||
| 999 |
_c345 _d345 |
||